NBA Impossible Records - Statistics

General Stats
  • This quiz has been taken 92 times
  • The average score is 10 of 15
Answer Stats
Hint Answer % Correct
Scored 100 Points In One Game Wilt Chamberlain
99%
He Has 37,592 Points, 10,382 Rebounds, And 10,174 Assist So Far Lebron James
97%
Scored 38,387 Points In His Whole Career Kareem Abdul-Jabbar
96%
Has Made 3,248 Three Pointers So Far Stephen Curry
95%
Scored 60 Points In His Final NBA Game Kobe Bryant
93%
Won 11 NBA Championships Bill Russell
91%
The Team That Came Back From Down 3-1 In The Finals Cleveland Cavaliers
87%
Scored 37 Points In One Quarter Klay Thompson
79%
Has Bricked Thousands Of Shots With The Lakers Russell Westbrook
59%
A PF That Could Shoot Better Than Half The NBA Dirk Nowitzki
54%
Had 30 Assists In One Game Scott Skiles
53%
He Knew How To Do All Of The Basic Stuff Tim Duncan
49%
Made Of Glass Anthony DavisDerrick Rose
42%
The Team That Scored 107 Points In One Half Phoenix Suns
30%
Had A 98.1% Free Throw Jose Calderon
21%
No matching quizzes found
Score Distribution
Percent of People with Each Score
Percentile by Number Answered
Your Score History
You have not taken this quiz